000 00575nam a2200205Ia 4500
005 20241129110248.0
008 241129s9999||||xx |||||||||||||| ||und||
037 _aTB
040 _aARTS
_beng
_cARTS
041 _aeng
_2urd
084 _aO168,1N19:g P8
_qARTS
100 _aMohammad Firoz Au.
_9727619
245 0 _aMajrooh Sultanpuri: maqam aur kalam
_cMohammad Firoz Au.
260 _aDelhi, India
_bSaqi Book Depot
_c2014
300 _a399p.
365 _aINR
_b400
650 _aUrdu Poetry
942 _cTB
_hO168,1N19:g P8
999 _c1227944
_d1227944